00708 a2200205 4500010001400000020002300014035001300037037001800050082001200068100002300080245009700103260003900200270010400239300003000343500005000373650001900423650002200442700002100464700001700485 aENG-85742 a8170353505c695.00 aEN-69275 bD.B.Act / Pub14a664.7521 aKhetarpaul, Neelam1 aBakery science and cereal technologycby Neelam Khetarpaul, Raj Bala Grewal, and Sudesh Jood aDelhibDaya Publishing Housec2006 a1123/74, Deva Ram Park, Tri Nagar, Delhi-110035bDelhicDelhie110035k27103999mdayabooks@vsnl.com aviii, 311 p.c21 cm. (Hb) aIncludes bibliographical references and index aBakery science aCereal technology aGrewal, Raj Bala aJood, Sudesh